His in joyous experience. (Record no. 5875)

000 -LEADER
fixed length control field 00583nam a2200181 a 4500
001 - CONTROL NUMBER
control field :::00003617$&:&@@
003 - CONTROL NUMBER IDENTIFIER
control field OkBaRHE
005 - DATE AND TIME OF LATEST TRANSACTION
control field 20010308102642.0
008 - FIXED-LENGTH DATA ELEMENTS--GENERAL INFORMATION
fixed length control field s1926 j 000 0 eng u
040 ## - CATALOGING SOURCE
Transcribing agency
100 1# - MAIN ENTRY--PERSONAL NAME
Personal name Harrison, Norman B.
245 10 - TITLE STATEMENT
Title His in joyous experience.
260 ## - PUBLICATION, DISTRIBUTION, ETC. (IMPRINT)
Place of publication, distribution, etc Chicago, IL., :
Name of publisher, distributor, etc The Bible Institute Colportage Association
Date of publication, distribution, etc c1926
300 ## - PHYSICAL DESCRIPTION
Extent 96 p. ;
Dimensions 19 cm.
650 ## - SUBJECT ADDED ENTRY--TOPICAL TERM
Topical term or geographic name as entry element Bible New Testament Philippians
General subdivision Commentaries
942 ## - ADDED ENTRY ELEMENTS (KOHA)
Source of classification or shelving scheme
Koha item type Books
Copies
Date acquired Price effective from Date last seen Barcode Not for loan Lost status Copy number Source of classification or shelving scheme Shelving location Withdrawn status Damaged status Permanent Location Full call number Koha item type
2010-04-142010-04-142018-04-033617  1 General Stacks  RHEMA Bible Training CollegeBS 2705 .H3Books